000 00298nam a2200121Ia 4500
008 220216s9999 xx 000 0 und d
100 _aAbraham Joshua
245 0 _aThudarkrishiyilum jaivavividhyam nilanirthan
260 _bRubber
_c2010
300 _a27-30.
700 _aJessy M.D.
942 _cML
999 _c72918
_d72918